[Event "IND-ch U16 Girls"]
[Site "New Delhi"]
[Date "2022.03.04"]
[Round "1"]
[White "Devanshi, Solanki"]
[Black "Velpula, Sarayu"]
[Result "0-1"]
[WhiteElo "1129"]
[BlackElo "1875"]
[PlyCount "52"]
[EventDate "2022.03.04"]
[EventType "swiss"]
[EventRounds "9"]
[EventCountry "IND"]
[SourceTitle "CBM 207 Extra"]
[Source "ChessBase"]
[SourceDate "2022.05.31"]
[SourceVersion "1"]
[SourceVersionDate "2022.05.31"]
[SourceQuality "1"]

1. f4 Nf6 2. Nf3 g6 3. e3 Bg7 4. d4 d6 5. Bd3 Nbd7 6. Nbd2 0-0 7. c4 e5 8. fxe5 dxe5 9. 0-0 Qe7 10. Nxe5 Nxe5 11. dxe5 Ng4 12. Nf3 Nxe5 13. Nxe5 Bxe5 14. Qc2 Rd8 15. Rd1 Bg4 16. Rd2 Qc5 17. Rf2 Qd6 18. Be2 Bxh2+ 19. Kh1 Bxe2 20. Rxe2 Bg3 21. Rd2 Qf6 22. Kg1 Qh4 23. b3 Qh2+ 24. Kf1 Qh1+ 25. Ke2 Qxg2+ 26. Kd1 Qf3# 0-1